| 000 | 00649nam a22002057a 4500 | ||
|---|---|---|---|
| 005 | 20250326124513.0 | ||
| 010 | _aENG-144286 | ||
| 020 | _a9789355016515 | ||
| 035 | _aEN-127818 | ||
| 037 | _bS Chand Publishing | ||
| 082 |
_a657.042 _22023 |
||
| 100 |
_aWason, V _979929 |
||
| 245 |
_aDouble Entry BookKeeping/ _cV. Wason |
||
| 260 |
_aUttar Pradesh _bS Chnad and Company Limited _c2023 |
||
| 270 |
_aD-92, Sect5or2 _bNoida _e201301 _k01204682700 _mhelpdesk@schandpublishing.com |
||
| 300 |
_a625p. _c23cm(pb) |
||
| 500 | _aAs per new syllabus of CBSE/NCERT | ||
| 700 |
_aV. Wason _979930 |
||
| 942 |
_2ddc _cEN _h657.042 _mWAS _e1 |
||
| 999 |
_c210512 _d210512 |
||